Guess the 1970s song lyrics #333 - Statistics

General Stats
  • This quiz has been taken 10 times
  • The average score is 132 of 170
Answer Stats
Answer % Correct
and
100%
And
100%
be
100%
But
100%
can
100%
do
100%
For
100%
for
100%
I
100%
I'm
100%
in
100%
Just
100%
love
100%
me
100%
my
100%
of
100%
that
100%
That
100%
The
100%
the
100%
to
100%
will
100%
you
100%
You
100%
your
100%
you're
100%
All
86%
at
86%
have
86%
heart
86%
If
86%
know
86%
last
86%
never
86%
not
86%
now
86%
see
86%
So
86%
tell
86%
them
86%
there
86%
things
86%
was
86%
we
86%
won't
86%
again
71%
away
71%
baby
71%
before
71%
Cause
71%
come
71%
far
71%
feel
71%
forever
71%
girl
71%
home
71%
it's
71%
Let
71%
more
71%
must
71%
once
71%
stay
71%
together
71%
up
71%
wake
71%
we'll
71%
you've
71%
been
57%
doesn't
57%
forget
57%
found
57%
goodbye
57%
life
57%
long
57%
mean
57%
still
57%
taken
57%
wait
57%
waited
57%
apart
43%
back
43%
bring
43%
heard
43%
hurt
43%
may
43%
past
43%
words
43%
Afraid
29%
darlin
29%
giving
29%
hard
29%
Instead
29%
meant
29%
remember
29%
slip
29%
Though
29%
trust
29%
believing
14%
fight
14%
Helping
14%
No matching quizzes found
Score Distribution
Percent of People with Each Score
Percentile by Number Answered
Your Score History
You have not taken this quiz